Radiohead Lyrics to Song Quiz - Statistics

General Stats
  • This quiz has been taken 281 times
  • The average score is 12 of 30
Answer Stats
Hint Answer % Correct
But I'm a ____I'm a weirdo Creep
100%
One day I am gonna grow wingsA chemical reaction Let Down
74%
My baby's got ______, oh noWe don't have any real friends, no, no, no The Bends
67%
You don't remember, you don't rememberWhy don't you remember my name? Paranoid Android
64%
All hail to the thief But I'm not 2+2=5
63%
And you can laugh a spineless laughWe hope your rules and wisdom choke you Exit Music (for a Film)
63%
You use to be alrightWhat happened? 15Step
60%
I think you're crazy, maybeI will see you in the next life Motion Picture Soundtrack
55%
Ice Age coming, Ice Age comingThrow it in the fire Idioteque
54%
Steal all my children if I don't pay the ransomAnd I'll never see them again if I squeal to the cops Wolf at the Door
48%
There are doors that open by themselvesThere are sliding doors Pulk/Pull Revolving Doors
45%
And if the world does turn and if London burnsI'll be standing on the beach with my guitar Anyone Can Play Guitar
43%
Your tiny handsYour crazy kitten smile True Love Waits
43%
You can walk it home straight from schoolYou can kiss, you can break all the rules Planet Telex
42%
I got _______ I don't know why I feel so tongue tied Myxomatosis
38%
Everyone is so nearEveryone has got the fear The National Anthem
38%
We've got heads on sticksAnd you've got ventriloquists Kid A
33%
Well of course I'd like to sit around and chatWell of course I'd like to stay and chew the fat Life in a Glasshouse
33%
Making home moviesFor the folks back home Subterranean Homesick Alien
33%
The infrastructure will collapseFrom voltage spikes House of Cards
32%
There's always a sirenSinging you to shipwreck There, There
32%
I will sink and I will disappearI will slip into the groove Lotus Flower
18%
Leukemia schizophrenia__________ Polyethylene
17%
Chief of police, or vice-chancellorLord and Lady Blah Blah the vicar and the judge Bangers + Mash
14%
You really messed upYou really messed up this time Ful Stop
13%
____ Lay me down I Will
12%
The only truth that I could seeIs when you put your lips to me Spectre
12%
We call upon the peoplePeople have this power The Numbers
9%
I'm moving out of orbitTurning in somersaults Bloom
8%
Somewhere over the rainbowWay up high Where Bluebirds Fly
3%
No matching quizzes found
Score Distribution
Percent of People with Each Score
Percentile by Number Answered
Your Score History
You have not taken this quiz